SERVE: Business from the heart The SHOPPERS STOP (Record no. 46486)

MARC details
000 -LEADER
fixed length control field 00436nam a22001697a 4500
005 - DATE AND TIME OF LATEST TRANSACTION
control field 20250825161030.0
008 - FIXED-LENGTH DATA ELEMENTS--GENERAL INFORMATION
fixed length control field 250825b |||||||| |||| 00| 0 eng d
020 ## - INTERNATIONAL STANDARD BOOK NUMBER
International Standard Book Number 9789394887404
041 ## - LANGUAGE CODE
Language code of text/sound track or separate title eng
082 ## - DEWEY DECIMAL CLASSIFICATION NUMBER
Classification number 658.11 NAG
100 ## - MAIN ENTRY--PERSONAL NAME
Author Nagesh, B S
245 ## - TITLE STATEMENT
Title SERVE: Business from the heart The SHOPPERS STOP
260 ## - PUBLICATION, DISTRIBUTION, ETC.
Place Maharashtra
Publisher Crossword
Publication Year 2024
300 ## - PHYSICAL DESCRIPTION
Extent 224;. p. 21 cm
650 ## - SUBJECT ADDED ENTRY--TOPICAL TERM
Subject Entrepreneurship
942 ## - ADDED ENTRY ELEMENTS (KOHA)
Koha item type Books
Holdings
Withdrawn status Lost status Source of classification or shelving scheme Damaged status Not for loan Home library Current library Shelving location Accession Date Vendor Price Bill number Total Checkouts Full call number Barcode No Date last seen Bill Date Koha item type Suggested By
    Dewey Decimal Classification     IMTN IMTN Rack 20-B 08/25/2025 Amazon.in 555.00 2025-08-01   658.11 NAG 33949 08/25/2025 08/01/2025 Books Faculty Purchase By Dr. Abhishek N Singh
Designed & Maintained by: LRC IMT Nagpur Contact: lrc@imtnag.ac.in© 2024. All Rights Reserved.